Responses for Show #1736 - Monday, March 2, 1992

1992 Teen Tournament semifinal game 1.

Contestants

[<< previous game]

Dylan Fulmer, a senior from Alpharetta, Georgia

Cori Van Noy, a sophomore from San Diego, California

Becky Slitt, a junior from West Hartford, Connecticut

[next game >>]

Jeopardy! Round responses

TEENS IN HISTORY
POP & ROCK
COSMETICS
MONEY MATTERS
EQUIVALENCIES
LUNCHROOM LINGO
    $100 1
King Tut

Cori
    $100 2
Cinderella

Cori
    $100 7
the polish

Cori
    $100 22
(Ronald) Reagan

Becky
    $100 16
Santa Claus

Dylan
    $100 21
a potato

Cori
    $200 9
Michelangelo

Dylan
    $200 3
Madonna

Cori
    $200 8
cold cream

Becky
    $200 27
(Dylan: What is the Dow Jones Industrial Index?)

the Dow Jones Industrial Average

BeckyDylan
    $200 17
ump

Becky
    $200 23
orange juice

Becky
    $300 10
(Louis) Braille

Cori
    $300 4
Michael Bolton

Cori
    $300 12
a facial mask

Cori
    $300 28
the net (the profit)

Cori
    $300 18
$24

Becky
    $300 24
a sub (submarine sandwich)

Cori
    $400 14
Alexander the Great

Dylan
    $400 5
10,000

Cori
    $400 11
green

Cori
    $600 29
(Cori: What is [*]?)
(Alex: Oh, gosh, can we accept that or not? We have one yes so far; we'll get a ruling from the other judges and they are saying, yes.)

the Federal Reserve Board (*the Federal Reserve Bank)

Cori
    $400 19
the Red Crioss

Dylan
    $400 25
donuts

Dylan
    $500 15
(Thomas) Edison

Becky
    $500 6
(Alex: That is correct and you ran the category; very nicely done.)
[Applause]

Guns N' Roses

Cori
    $500 13
hypoallergenic

Dylan
    $500 30
(Dylan: What is Wednesday?)

Monday

BeckyDylan
    $500 20
Jupiter

Becky
    $500 26
Vienna

Triple Stumper

Scores at the first commercial break (after clue 15):

Becky Cori Dylan
$700 $2,700 $1,100

Scores at the end of the Jeopardy! Round:

Becky Cori Dylan
$2,700 $4,000 $1,300

Double Jeopardy! Round responses

THE UNIVERSE
NONFICTION
NATIONAL NICKNAMES
POTPOURRI
ABOLITIONISTS
CLICHES
    $200 6
Saturn

Cori
    $200 7
Oliver North

Cori
    $200 26
Norway

Becky
    $200 1
Buckingham Palace

Dylan
    $200 25
Harriet Beecher Stowe

Cori
    $200 14
go on

Becky
    $400 9
the Big Bang

Dylan
    $400 8
the North Pole

Becky
    $400 29
Canada

Dylan
    $400 2
tongue

Dylan
    $400 24
the Underground Railroad

Cori
    $400 16
big ears

Cori
    $600 10
mirrors

Cori
    $600 11
Clara Barton

Cori
    $600 30
China

Dylan
    $600 3
the eruption of Mount Vesuvius

Dylan
    $600 23
Nat Turner

Becky
    $600 17
tickle

Dylan
    $800 15
the Milky Way

Cori
    $1,400 12
Winston Churchill

Cori
    $800 28
England

Cori
    $800 4
a specter

Dylan
    $800 22
(Cori: Who is Pulitzer?)

Horace Greeley

BeckyCori
    $800 18
unturned

Cori
    $1000 20
(Beck: What is Voyager?)

the Galileo probe

Becky
Triple Stumper
    $1000 13
Isaac Asimov

Cori
    $2,100 27
(Becky: What is Barbados?)

Cuba

Becky
    $1000 5
(Alex: You ran the category and got into the lead...)

Albania

Dylan
    $1000 21
William Lloyd Garrison

Cori
    $1000 19
pay Paul

Becky

Scores at the end of the Double Jeopardy! Round:

Becky Cori Dylan
$2,800 $11,600 $6,300

[wagering suggestions for these scores]

Final Jeopardy! Round responses

ANIMALS
BeckyWhat is a platypus?
$2,800
DylanWhat is a platypus?
$6,300
CoriWhat is a duck bill platypus?
$1,001
(1 of) (duck-bill(ed)) platypus or an echidna

Final scores:

Becky Cori Dylan
$5,600 $12,601 $12,600
3rd place: $5,000 Finalist 2nd place: $5,000

Game dynamics:

Coryat scores:

Becky Cori Dylan
$4,900 $10,800 $6,300
15 R,
2 W
(including 1 DD)
27 R
(including 2 DDs),
1 W
15 R,
2 W

Combined Coryat: $22,000

[game clues] [game scores] [suggest correction]

Game tape date: 1992-01-04
The J! Archive is created by fans, for fans. Scraping, republication, monetization, and malicious use prohibited; this site may use cookies and collect identifying information. See terms. The Jeopardy! game show and all elements thereof, including but not limited to copyright and trademark thereto, are the property of Jeopardy Productions, Inc. and are protected under law. This website is not affiliated with, sponsored by, or operated by Jeopardy Productions, Inc. Join the discussion at JBoard.tv.